| 000 | 01470cam a2200133 4500500 | ||
|---|---|---|---|
| 005 | 20260405085557.0 | ||
| 041 | _afre | ||
| 042 | _adc | ||
| 100 | 1 | 0 |
_aHatto, Ronald _eauthor |
| 245 | 0 | 0 | _aLe maintien de la paix : L'ONU en action |
| 260 |
_bArmand Colin,
_c2015. |
||
| 520 | _aLe maintien de la paix, inventé par l’ONU des Nations unies pour répondre à la crise de Suez en 1956, est né dans l’improvisation et n’a cessé de se développer jusqu’à devenir un outil incontournable de gestion des conflits.Pendant la Guerre froide, l’ONU a été sollicitée à plusieurs reprises pour tenter de résoudre des conflits qui auraient pu conduire les deux superpuissances à s’affronter directement. À partir de 1989, les casques bleus ont été déployés dans un grand nombre de pays pour accomplir des tâches toujours plus ambitieuses. L’ONU reste pourtant soumise à la volonté de ses États membres qui financent ses activités et fournissent le personnel civil et militaire nécessaire à la conduite des opérations.Cet ouvrage contribue à une meilleure connaissance du maintien de la paix. L’analyse proposée, retrace ses origines après 1945 et vise à démontrer son utilité comme mécanisme de gestion des conflits armés, malgré les nombreuses limitations que lui impose la politique internationale. | ||
| 856 | 4 | 1 | _uhttps://shs.cairn.info/maintien-de-la-paix--9782200291495?lang=fr&redirect-ssocas=7080 |
| 999 |
_c2198662 _d2198662 |
||